<?xml version="1.0" encoding="UTF-8"?>
<record
    xmlns:xsi="http://www.w3.org/2001/XMLSchema-instance"
    xsi:schemaLocation="http://www.loc.gov/MARC21/slim http://www.loc.gov/standards/marcxml/schema/MARC21slim.xsd"
    xmlns="http://www.loc.gov/MARC21/slim">

  <leader>00616nam a22001937a 4500</leader>
  <datafield tag="999" ind1=" " ind2=" ">
    <subfield code="c">169776</subfield>
    <subfield code="d">169776</subfield>
  </datafield>
  <controlfield tag="005">20191203154355.0</controlfield>
  <datafield tag="010" ind1=" " ind2=" ">
    <subfield code="a">A-645371</subfield>
  </datafield>
  <datafield tag="020" ind1=" " ind2=" ">
    <subfield code="c">20.00</subfield>
    <subfield code="a">-</subfield>
  </datafield>
  <datafield tag="035" ind1=" " ind2=" ">
    <subfield code="a">A-645371</subfield>
  </datafield>
  <datafield tag="037" ind1=" " ind2=" ">
    <subfield code="b">BPPD/Pub.</subfield>
    <subfield code="a">-</subfield>
  </datafield>
  <datafield tag="082" ind1=" " ind2=" ">
    <subfield code="a">270.35</subfield>
  </datafield>
  <datafield tag="100" ind1=" " ind2=" ">
    <subfield code="a">&#x627; &#x644;&#x62D;&#x627;&#x62C; &#x622; &#x641;&#x62A;&#x627;&#x628; &#x627; &#x62D;&#x645;&#x62F;  </subfield>
  </datafield>
  <datafield tag="245" ind1=" " ind2=" ">
    <subfield code="a">&#x631; &#x6C1;&#x628;&#x631; &#x639;&#x627; &#x644;&#x645; </subfield>
    <subfield code="c">&#x627; &#x644;&#x62D;&#x627;&#x62C; &#x622; &#x641;&#x62A;&#x627;&#x628; &#x627; &#x62D;&#x645;&#x62F; </subfield>
  </datafield>
  <datafield tag="246" ind1=" " ind2=" ">
    <subfield code="b">Rehber Aalam   (Urdu)</subfield>
    <subfield code="a">by Alhaj Aftab Ahmed </subfield>
  </datafield>
  <datafield tag="260" ind1=" " ind2=" ">
    <subfield code="a">N. Delhi</subfield>
    <subfield code="b">Zafer Ahmed </subfield>
    <subfield code="c">1993 &#x621;</subfield>
  </datafield>
  <datafield tag="270" ind1=" " ind2=" ">
    <subfield code="a">Nazer Book Depot,Hazrat Nizamuddin,</subfield>
    <subfield code="b">N.Delhi</subfield>
    <subfield code="e">-</subfield>
    <subfield code="k">-</subfield>
    <subfield code="l">-</subfield>
  </datafield>
  <datafield tag="300" ind1=" " ind2=" ">
    <subfield code="a">140 &#x635; </subfield>
    <subfield code="c">22 Cm(Hb)</subfield>
  </datafield>
  <datafield tag="942" ind1=" " ind2=" ">
    <subfield code="2">ddc</subfield>
    <subfield code="c">UR</subfield>
    <subfield code="h">270.35</subfield>
    <subfield code="m">&#x622; &#x641; &#x62A; </subfield>
  </datafield>
  <datafield tag="952" ind1=" " ind2=" ">
    <subfield code="0">0</subfield>
    <subfield code="1">0</subfield>
    <subfield code="4">0</subfield>
    <subfield code="7">-1</subfield>
    <subfield code="8">NFIC</subfield>
    <subfield code="a">L</subfield>
    <subfield code="b">L</subfield>
    <subfield code="d">2019-12-03</subfield>
    <subfield code="e">BPPD/Ven.</subfield>
    <subfield code="g">20.00</subfield>
    <subfield code="l">0</subfield>
    <subfield code="o">270.35 &#x622; &#x641; &#x62A;</subfield>
    <subfield code="p">A-645371</subfield>
    <subfield code="r">2019-12-03 00:00:00</subfield>
    <subfield code="t">1</subfield>
    <subfield code="v">20.00</subfield>
    <subfield code="w">2019-12-03</subfield>
    <subfield code="y">UR</subfield>
  </datafield>
</record>
